TCP/IP illustrated, Volume 2: (Record no. 2443)

000 -LEADER
fixed length control field 00599nam a22002297a 4500
001 - CONTROL NUMBER
control field 2443
003 - CONTROL NUMBER IDENTIFIER
control field BD-DhUET
008 - FIXED-LENGTH DATA ELEMENTS--GENERAL INFORMATION
fixed length control field 0
020 ## - INTERNATIONAL STANDARD BOOK NUMBER
International Standard Book Number 8178081652
040 ## - CATALOGING SOURCE
Transcribing agency 0
Modifying agency BD-DhUET
082 ## - DEWEY DECIMAL CLASSIFICATION NUMBER
Classification number 004.62
Item number WRI/2000
100 ## - MAIN ENTRY--PERSONAL NAME
Personal name Wright, Gary R.
245 ## - TITLE STATEMENT
Title TCP/IP illustrated, Volume 2:
Remainder of title the implementation
Statement of responsibility, etc. by Gary R Wright and W. Richard Stevens
250 ## - EDITION STATEMENT
Edition statement 1st ed.
260 ## - PUBLICATION, DISTRIBUTION, ETC. (IMPRINT)
Place of publication, distribution, etc. Patparganj,Delhi:
Name of publisher, distributor, etc. Addison-Wesley,
Date of publication, distribution, etc. 2000.
300 ## - PHYSICAL DESCRIPTION
Extent xxii,1174p.
500 ## - GENERAL NOTE
General note Volume 2
504 ## - BIBLIOGRAPHY, ETC. NOTE
Bibliography, etc Includes bibliographies
650 #0 - SUBJECT ADDED ENTRY--TOPICAL TERM
Topical term or geographic name as entry element Computer networking
700 ## - ADDED ENTRY--PERSONAL NAME
Personal name Stevens, W. Richard
942 ## - ADDED ENTRY ELEMENTS (KOHA)
Koha item type General Book
Holdings
Damaged status Koha full call number Sublocation or collection (holding branch) Source of classification or shelving scheme Koha item type Koha normalized classification for sorting Copy number Price effective from Shelving location Lost status Location (home branch) Koha date last seen Not for loan Date acquired Withdrawn status Piece designation (barcode)
 004.62/WRI/2000Central Library, BUET General Book004_000000000000000_62WRI200022014-09-23Circulation section Central Library, BUET2014-09-23 2014-09-23 96205
 004.62/WRI/2000Central Library, BUET General Book004_000000000000000_62WRI200012014-09-23Circulation section Central Library, BUET2014-09-23 2014-09-23 96204
 004.62/WRI/2000Central Library, BUET General Book004_000000000000000_62WRI200032014-09-23Circulation section Central Library, BUET2014-09-23 2014-09-23 96206